000 00265nam a22001097a 4500
008 140425t xxu||||| |||| 00| 0 eng d
020 _a0-07-138901-6
100 _aRobert K.Murray
_9828
245 _aHarper's Illustrated Biochemistry
300 _a693
942 _2ddc
_cBK
999 _c17075
_d17075